Score 0/8 Timer 01:00
68 Plays Today
% Correct
Montana
92.2%
Michigan
91.6%
Maine
91.3%
Minnesota
88.4%
Missouri
84.8%
Mississippi
84.3%
Massachusetts
82.5%
Maryland
79.5%
Remove Ads.
Support Sporcle.
Get the best of Sporcle when you Go Orange. This ad-free experience offers more features, more stats, and more fun while also helping to support Sporcle. Thank you for becoming a member.

You're not logged in!

Compare scores with friends on all Sporcle quizzes.
OR
Log In

Show Comments

Extras

Top Quizzes Today


Score Distribution

Your Account Isn't Verified!

In order to create a playlist on Sporcle, you need to verify the email address you used during registration. Go to your Sporcle Settings to finish the process.

Report this User

Report this user for behavior that violates our Community Guidelines.

Details: